[Event "CSR-ch"]
[Site "Trnava"]
[Date "1980.??.??"]
[Round "1"]
[White "Meduna, Eduard"]
[Black "Ambroz, Jan"]
[Result "1/2-1/2"]
[WhiteElo "2405"]
[BlackElo "2390"]

1.d4 Nf6 2.c4 e6 3.g3 Bb4+ 4.Bd2 Qe7 5.Bg2 O-O 6.Nf3 d5 7.O-O Bxd2 8.Nbxd2 Nc6
9.Rc1 Ne4 10.e3 Nxd2 11.Nxd2 Rd8 12.cxd5 exd5 13.Rc5 Be6 14.Qb3 Rab8 15.Rfc1 Qe8
16.Nf3 h6 17.Ne1 Rd6 18.Qc3 Qd8 19.Qb3 Ne7 20.Qa3 c6 21.b4 Nc8 22.b5 cxb5
23.Rxb5 a6 24.Rbb1 Nb6 25.Qa5 Nc4 26.Qxd8+ Rdxd8 27.Nd3 Bf5 28.Rb3 Bxd3 29.Rxd3 b5
30.Rb3 Kf8 31.Bxd5 Nxe3 32.Bxf7 Nf5 33.Bg6 Nxd4 34.Re3 Rb6 35.Be4 Re6 36.Rc7 Re7
37.Rc5 Re6 38.Bb7 Rde8 39.Rd3 Rd6 40.Kg2 Red8 41.Ra3 R8d7 42.Rxa6 Rxa6 43.Bxa6 Ra7
44.Bxb5 Nxb5 45.Rxb5 Rxa2 46.g4 Kf7 47.Rb7+ Kf6 48.Kg3 Ra3+ 49.f3 Rc3 50.h4 Rc5
51.Rd7 Ra5 52.Rd4 Kf7 53.Kf4 Ra7 54.Rd6 Rb7 55.Kg3 Ra7 56.Rd3 Rb7 57.Rc3 Ra7
58.h5 Rb7 59.f4 Rb5 60.Rd3 Ra5 61.Kf3 Rb5 62.Ke4 Ra5 63.Rd5 Ra4+ 64.Kf5 Ra7
65.Rc5 Rb7 66.Ke4 Re7+ 67.Kf3 Ra7 68.g5 hxg5 69.fxg5 Ra4 70.Rc7+ Kf8 71.Rc8+ Kf7
72.Rc7+ Kf8 73.Kg3 Rb4 74.Rc6 Ra4 75.Rb6 Rc4 76.Rb3 Ra4 77.Rf3+ Kg8 78.Rf4 Ra5
79.Kg4 Rb5 80.Rc4 Kh7 81.Ra4 Rc5 82.Rd4 Ra5 83.Rc4 Rb5 84.Kf4 Ra5 85.Re4 Rb5
86.Re5 Rb4+ 87.Kf5 g6+ 88.hxg6+ Kg8 89.Re4 Rb7 90.Kf6 Rb6+ 91.Re6 Rb8 92.g7 Kh7
93.g8=Q+ Kxg8 94.Kg6 Ra8 95.Kh6 Rb8 96.Rg6+ Kh8 97.Re6  1/2-1/2

[Event "CSR-ch"]
[Site "Trnava"]
[Date "1980.??.??"]
[Round "10"]
[White "Lechtynsky, Jiri"]
[Black "Ambroz, Jan"]
[Result "1/2-1/2"]
[WhiteElo "2450"]
[BlackElo "2390"]

1.d4 Nf6 2.c4 e6 3.g3 Bb4+ 4.Bd2 Be7 5.Bg2 d5 6.Nf3 O-O 7.O-O Nc6 8.Qc2 a5
9.a3 Bd7 10.cxd5 exd5 11.Nc3 h6 12.Bf4 Be6 13.Rfd1 Bd6 14.Bxd6 cxd6 15.Qb3 Ra6
16.e3 Rb6 17.Qc2 Ne7 18.Ne1 Qd7 19.Nd3 Bf5 20.Na4 Rc6 21.Qb3 Qc7 22.Nc3 Rc8
23.Rac1 Qd7 24.Nf4 a4 25.Qa2 Ne4 26.Nfe2 Qe6  1/2-1/2

[Event "Brighton"]
[Site "Brighton"]
[Date "1981.??.??"]
[Round "7"]
[White "Conquest, Stuart"]
[Black "Taulbut, Shaun M"]
[Result "0-1"]
[WhiteElo "2210"]
[BlackElo "2420"]

1.d4 Nf6 2.c4 e6 3.g3 Bb4+ 4.Nd2 c5 5.dxc5 Bxc5 6.Nb3 Bb4+ 7.Bd2 Bxd2+ 8.Qxd2 d5
9.Bg2 O-O 10.Rc1 Nc6 11.Nf3 Qb6 12.O-O dxc4 13.Rxc4 e5 14.Nc5 Bg4 15.b3 Rad8
16.Qb2 Rfe8 17.Rfc1 e4 18.Ng5 e3 19.f3 Bf5 20.b4 h6 21.Nge4 Nxe4 22.fxe4 Be6
23.Nxe6 Rxe6 24.Qb3 Nd4 25.Qb2 Nc6 26.Qc3 Rd2 27.a4 Nd4 28.Bf1 Nxe2+ 29.Bxe2 Rxe2
30.a5 Qd6 31.Rd4 Qe5 32.Rdd1 Qh5  0-1

[Event "Elekes mem-A"]
[Site "Budapest"]
[Date "1981.??.??"]
[Round "?"]
[White "Beil, Zdenek"]
[Black "Henley, Ron W"]
[Result "1/2-1/2"]
[WhiteElo "2390"]
[BlackElo "2455"]

1.d4 Nf6 2.c4 e6 3.g3 Bb4+ 4.Bd2 Qe7 5.Bg2 O-O 6.Nc3 c5 7.dxc5 Bxc5 8.Nf3 Rd8
9.a3 a5 10.Bg5 h6 11.Bxf6 Qxf6 12.Ne4 Qe7 13.Nxc5 Qxc5 14.Qd4 Qc7 15.Rd1 d6
16.O-O Nc6 17.Qc3 a4 18.Nd4 Na5 19.Nb5 Qxc4 20.Rxd6 Bd7 21.Rfd1 Qxb5 22.Qd4 Rac8
23.Rxd7 Rxd7 24.Qxd7 Qxd7 25.Rxd7 Rc1+ 26.Bf1 Rc2 27.Rd4 Nc4 28.e3 Nxb2 29.Rb4 Nd1
30.Rxa4 Nxf2 31.Rb4 f5 32.Bc4 Ng4 33.Bxe6+ Kf8 34.Rxb7 Nxe3 35.Rf7+ Ke8 36.Rxg7 Rg2+
37.Kh1 Rf2 38.h3 Rf1+ 39.Kh2 Rf2+ 40.Kh1 Rf1+ 41.Kh2  1/2-1/2

[Event "Politiken Cup"]
[Site "Copenhagen"]
[Date "1981.??.??"]
[Round "4"]
[White "Scheeren, Peter"]
[Black "Nykopp, Jan Michael F"]
[Result "1-0"]
[WhiteElo "2415"]
[BlackElo "2260"]

1.d4 Nf6 2.c4 e6 3.g3 Bb4+ 4.Bd2 a5 5.Bg2 O-O 6.Nf3 Ne4 7.Bxb4 axb4 8.O-O d5
9.Nbd2 Nc6 10.e3 Nf6 11.Qb3 Qe7 12.Rfc1 Bd7 13.Ne5 Ra7 14.Nd3 Rfa8 15.Nf4 Na5
16.Qc2 Bc6 17.cxd5 exd5 18.a3 g5 19.Nd3 bxa3 20.Rxa3 Bb5 21.Ne5 Nc6 22.Qf5 h6
23.Nb1 Qe6 24.Qxe6 fxe6 25.Rxa7 Rxa7 26.Nc3 Ba6 27.Nxc6 bxc6 28.Ra1 Ra8 29.Bf1 Bb7
30.Rxa8+ Bxa8 31.Ba6 Kf7 32.f4 Ne8 33.Na4 Ke7 34.Nc5 Nd6 35.Kf2 Kf6 36.Kf3 Kf5
37.h3 Kf6 38.g4 Ke7 39.Kg3 Kf6 40.h4 gxf4+ 41.exf4 h5 42.g5+ Kf7 43.Bd3 Bb7
44.Kf3 Bc8 45.Ke3 Ne8 46.Kd2 Ng7 47.Kc3 Ke7 48.Kb4 Kd6 49.Ka5 Ke7 50.b4 Kd6
51.Bg6 Ke7 52.Nd3 Bd7 53.Ka6 Be8 54.Bh7 Bd7 55.Ne5 Ne8 56.Ka7 Nd6 57.Bd3 Be8
58.Kb8 Bd7 59.Kxc7 Ne8+ 60.Kb6 Kd6 61.Bg6 Ng7 62.Kb7 Be8 63.Bxe8 Nxe8 64.Kc8 Ke7
65.Nxc6+ Kd6 66.Ne5 Ng7 67.Kd8 Nf5 68.g6 Ne7 69.Nf7+  1-0

[Event "Hradec Kralove"]
[Site "Hradec Kralove"]
[Date "1981.??.??"]
[Round "10"]
[White "Palatnik, Semon"]
[Black "Ambroz, Jan"]
[Result "1-0"]
[WhiteElo "2490"]
[BlackElo "2485"]

1.d4 e6 2.c4 Nf6 3.g3 Bb4+ 4.Bd2 Be7 5.Nc3 d5 6.Bg2 c6 7.Nf3 O-O 8.O-O Nbd7
9.b3 b6 10.Qc2 Bb7 11.Rad1 c5 12.cxd5 exd5 13.dxc5 Nxc5 14.Nd4 Ne6 15.Nf5 Bc5
16.Be3 Bb4 17.Qd3 Rc8 18.Nb1 Qd7 19.a3 Bc5 20.Bc1 Rfd8 21.b4 Bf8 22.Bb2 Ne8
23.e4 g6 24.Ne3 d4 25.Nd5 Qa4 26.Rfe1 Ba6 27.Qf3 Ng5 28.Qg4 Ne6 29.Bxd4 Nxd4
30.Rxd4 Qc2 31.Rd2 Qb3 32.Qd1 Qxd1 33.Rexd1 Kg7 34.e5 Bc4 35.Bh3 Bb3 36.Bxc8 Bxd1
37.Rxd1 Rxc8 38.Nbc3 Nc7 39.Nxc7 Rxc7 40.Nb5 Re7 41.Rd5 a6 42.Nd6 f6 43.Nc8 Re6
44.Rd7+ Kg8 45.exf6 Rxf6 46.Ne7+ Bxe7 47.Rxe7 Rf3 48.Re3 Rf5 49.Re8+ Kf7
50.Ra8 a5 51.Ra7+ Kg8 52.bxa5 bxa5 53.a4 Rc5 54.Kg2 h5 55.f4 Kf8 56.Kh3 g5
57.fxg5 Rxg5 58.Kh4 Rc5 59.Rh7 Kg8 60.Rxh5 Rc4+ 61.g4  1-0

[Event "Ljubljana"]
[Site "Ljubljana"]
[Date "1981.??.??"]
[Round "3"]
[White "Petursson, Margeir"]
[Black "Jelen, Iztok"]
[Result "1-0"]
[WhiteElo "2460"]
[BlackElo "2415"]

1.d4 Nf6 2.c4 e6 3.g3 Bb4+ 4.Nd2 c5 5.dxc5 Bxc5 6.Bg2 O-O 7.Ngf3 d5 8.cxd5 exd5
9.O-O Nc6 10.a3 a5 11.Nb3 Bb6 12.Nbd4 Re8 13.b3 Bg4 14.Bb2 Ne4 15.Rc1 Qd6
16.Qd3 Rad8 17.e3 h6 18.Rc2 Bc5 19.Nxc6 bxc6 20.Nd4 Bd7 21.Rd1 Bxa3 22.Bxa3 Qxa3
23.Nxc6 Bxc6 24.Rxc6 Qb4 25.Qc2 Qb5 26.Rc7 Rb8 27.Rd3 Red8 28.Qd1 Qb6 29.Qc2 Qb4
30.Bf3 Ng5 31.Bxd5 a4 32.h4 axb3 33.Bxb3 Rxd3 34.Qxd3 Nf3+ 35.Kh1 Ne5 36.Qd5 Qxb3
37.Qxe5 Rd8 38.Qe7 Qd5+ 39.e4 Qd1+ 40.Kg2 Rf8 41.Rd7 Qe2 42.Qe5 Qc4 43.h5 Rc8
44.Qd5 Qxd5 45.exd5 Kf8 46.Kf3 Ke8 47.Ra7 Rc4 48.Ke3 Rb4 49.f3 Rb6 50.Kd4 Rf6
51.f4 g5 52.Ke5  1-0

[Event "Moscow-ch"]
[Site "Moscow"]
[Date "1981.??.??"]
[Round "13"]
[White "Jussupow, Artur"]
[Black "Makarichev, Sergey"]
[Result "1/2-1/2"]
[WhiteElo "2575"]
[BlackElo "2535"]

1.d4 Nf6 2.c4 e6 3.g3 Bb4+ 4.Bd2 Be7 5.Bg2 d5 6.Nf3 O-O 7.O-O c6 8.Qc2 b6
9.Nc3 Ba6 10.cxd5 cxd5 11.Ne5 Nfd7 12.Nxd5 exd5 13.Nxf7 Rxf7 14.Bxd5 Nf6
15.Bxa8 Bxe2 16.Rfe1 Bg4 17.Qc4 Nbd7 18.Bg2 h6 19.Bf4 g5 20.Bc7 Qf8 21.Re3 Bf5
22.Rae1 Bb4 23.R1e2 Kg7 24.h3 g4 25.hxg4 Bxg4 26.f3 Bf5 27.g4 Bh7 28.Re6 Bg8
29.Qc1  1/2-1/2

[Event "Vrnjacka Banja"]
[Site "Vrnjacka Banja"]
[Date "1981.??.??"]
[Round "2"]
[White "Djuric, Stefan"]
[Black "Kostic, Vladimir"]
[Result "1-0"]
[WhiteElo "2435"]
[BlackElo "2255"]

1.d4 Nf6 2.c4 e6 3.g3 Bb4+ 4.Nd2 O-O 5.Bg2 Re8 6.Nf3 d5 7.O-O Nbd7 8.Qc2 c6
9.Rd1 Qe7 10.e4 Bxd2 11.Nxd2 dxe4 12.Nxe4 Nxe4 13.Bxe4 Nf6 14.Bf3 h6 15.Bf4 Bd7
16.Qb3 b5 17.cxb5 cxb5 18.Bxa8 Rxa8 19.Rac1 Nd5 20.Bd2 Qd6 21.Rc5 a5 22.Qd3 b4
23.a3 Qb6 24.Rdc1 bxa3 25.bxa3 a4 26.Rb1 Qd8 27.Qe4 Rb8 28.Rbc1 Rb3 29.Qe5 Qf6
30.Qe4 Qg6 31.Qxg6 fxg6 32.Ra5 Rd3 33.Ra7 Nf6 34.Bc3 Bc6 35.d5 Nxd5 36.Bxg7 Be8
37.Rc8  1-0

[Event "FRG-ch"]
[Site "Bad Neuenahr"]
[Date "1982.??.??"]
[Round "?"]
[White "Reefschlaeger, Helmut"]
[Black "Reichenbach, Werner"]
[Result "1-0"]
[WhiteElo "2405"]
[BlackElo "2295"]

1.d4 Nf6 2.c4 e6 3.g3 Bb4+ 4.Bd2 Be7 5.Bg2 d5 6.Nf3 O-O 7.O-O c6 8.Qb3 Nbd7
9.Rc1 Qb6 10.Qc2 Ne4 11.Be1 f5 12.e3 Qd8 13.b4 a6 14.a4 Bd6 15.Ra2 Ndf6 16.b5 axb5
17.axb5 Rxa2 18.Qxa2 cxb5 19.c5 Be7 20.Ne5 Nd7 21.Nd3 Nb8 22.Na3 Qe8 23.Qb3 Nc6
24.Nxb5 Qh5 25.Ra1 Ng5 26.Na7 Nxa7 27.Rxa7 Qe8 28.Ba5 Bd8 29.Bxd8 Qxd8 30.Ne5 Nf7
31.Nxf7 Rxf7 32.Bf1 h6 33.Qb4 Rf8 34.Bd3 Qe8 35.Ra8 Qf7 36.Qb6 g5 37.Qd6 Qd7
38.Rb8 Qf7 39.Bb5 Kg7 40.c6 bxc6 41.Qxc6  1-0

[Event "CSR-ch"]
[Site "Frenstat"]
[Date "1982.??.??"]
[Round "12"]
[White "Plachetka, Jan"]
[Black "Ambroz, Jan"]
[Result "1-0"]
[WhiteElo "2435"]
[BlackElo "2430"]

1.d4 e6 2.c4 Nf6 3.g3 Bb4+ 4.Bd2 Be7 5.Bg2 d5 6.Nf3 O-O 7.O-O c6 8.Qc2 Nbd7
9.Bf4 b6 10.cxd5 cxd5 11.Bc7 Qe8 12.Nc3 Bb7 13.Rfc1 Nb8 14.a4 Nc6 15.Nb5 Qd7
16.Ne5 Nxe5 17.Bxe5 Rfc8 18.Qb3 Bc6 19.Rc2 Ne8 20.Rac1 a6 21.Nc3 Qb7 22.Na2 a5
23.Nc3 Nd6 24.Bxd6 Bxd6 25.e3 Qd7 26.Bf1 Bf8 27.Bb5 Bxb5 28.Nxb5 Bb4 29.Rc7 Qd8
30.Qc2 Rxc7 31.Qxc7 Qxc7 32.Rxc7 Rb8 33.Kf1 Kf8 34.Ke2 Be7 35.Kd3 Bd8 36.Ra7 Rc8
37.Rxf7+ Kxf7 38.Nd6+ Ke7 39.Nxc8+ Kd7 40.Na7 Bf6 41.f4 Be7 42.Nb5 g6 43.Nc3 Kc6
44.g4 Bb4 45.Ne2 b5 46.b3 bxa4 47.bxa4 Kd7 48.Ng1 Bd6 49.Nf3 Ke7 50.Ne5 Kf6
51.Ke2 h6 52.Kf3 g5 53.Nc6 Bc7 54.h4 gxf4 55.exf4 Kg7 56.h5 Kf6 57.Kg3 Kg7
58.Kf3 Kf6 59.Ne5 Bd6 60.g5+  1-0

[Event "Havana"]
[Site "Havana"]
[Date "1982.??.??"]
[Round "3"]
[White "Garcia Gonzales, Guillermo"]
[Black "Vilela, Jose Luis"]
[Result "1-0"]
[WhiteElo "2485"]
[BlackElo "2445"]

1.d4 Nf6 2.c4 e6 3.g3 Bb4+ 4.Bd2 Be7 5.Bg2 d5 6.Nf3 O-O 7.O-O dxc4 8.Qc2 a6
9.Qxc4 b5 10.Qc2 Bb7 11.Rc1 Bd6 12.Bg5 Nbd7 13.Nbd2 Rc8 14.Bxf6 Nxf6 15.Nb3 Be4
16.Qd2 Bd5 17.Ne1 Bxg2 18.Kxg2 e5 19.dxe5 Bxe5 20.Qxd8 Rfxd8 21.Rab1 Nd7
22.Nd3 Bd6 23.Rc6 Nb8 24.Rc2 Re8 25.Rbc1 g6 26.Na5 Re6 27.Nb7 c6 28.Rd1 Bf8
29.Ndc5 Re5 30.e4 Bxc5 31.Nxc5 a5 32.f4 Re7 33.Rcd2 Kg7 34.e5 Ra7 35.Rd8 Rxd8
36.Rxd8 Na6 37.Ne4 Rb7 38.Ra8 Nb4 39.Nf6 h5 40.h3 Nd5 41.Nxd5 cxd5 42.Rxa5 h4
43.gxh4 Kh6 44.Kf3 d4 45.Ke4 Kh5 46.Ra8  1-0

[Event "Havana"]
[Site "Havana"]
[Date "1982.??.??"]
[Round "7"]
[White "Vera, Reynaldo"]
[Black "Vilela, Jose Luis"]
[Result "1-0"]
[WhiteElo "2430"]
[BlackElo "2445"]

1.d4 Nf6 2.c4 e6 3.g3 Bb4+ 4.Bd2 Be7 5.Bg2 d5 6.Nf3 O-O 7.O-O Nbd7 8.b3 c6
9.Bc3 b5 10.Nbd2 a5 11.Ne5 Nxe5 12.dxe5 Nd7 13.cxb5 cxb5 14.e4 b4 15.Bd4 Ba6
16.Re1 Bc5 17.Bxc5 Nxc5 18.exd5 exd5 19.Nf1 Bb7 20.Ne3 d4 21.Bxb7 dxe3 22.Bxa8 exf2+
23.Kxf2 Nd3+ 24.Kf1 Qxa8 25.Qxd3 Qh1+ 26.Kf2 Qxh2+ 27.Kf3  1-0

[Event "EUchT qual"]
[Site "Luzern"]
[Date "1982.??.??"]
[Round "3"]
[White "Bernstein, David"]
[Black "Kindermann, Stefan"]
[Result "1-0"]
[WhiteElo "2435"]
[BlackElo "2410"]

1.d4 Nf6 2.c4 e6 3.g3 Bb4+ 4.Nd2 O-O 5.Bg2 d5 6.Nf3 c5 7.dxc5 Bxc5 8.O-O Nc6
9.a3 a6 10.b4 Ba7 11.Bb2 Re8 12.e3 Qe7 13.Ne5 Rd8 14.Qb3 Bd7 15.Ndf3 Rac8
16.Rfd1 Nxe5 17.Nxe5 dxc4 18.Nxc4 Bc6 19.Rxd8+ Qxd8 20.Rd1 Qe7 21.Nd6 Rd8
22.Bxc6 bxc6 23.Nb7 Rxd1+ 24.Qxd1 Qd7 25.Qxd7 Nxd7 26.Kf1 Kf8 27.Ke2 g6 28.Bd4 Bxd4
29.exd4 Ke7 30.Kd3 Nb8 31.Kc4 Kd7 32.Nc5+ Kc7 33.a4 h6 34.f4 Kd6 35.Nd3 f6
36.Nc5 f5 37.Nb7+ Kc7 38.Nc5 Kd6 39.h3 g5 40.Nb7+ Kc7 41.Nc5 Kd6 42.fxg5 hxg5
43.h4 gxh4 44.gxh4 Ke7 45.Kd3 Kf6 46.Ke3 Kg6 47.Kf4 Kh5 48.Kg3  1-0

[Event "Surakarta/Denpasar"]
[Site "Surakarta"]
[Date "1982.??.??"]
[Round "18"]
[White "Sosonko, Gennadi"]
[Black "Csom, Istvan"]
[Result "1-0"]
[WhiteElo "2580"]
[BlackElo "2505"]

1.d4 Nf6 2.c4 e6 3.g3 Bb4+ 4.Bd2 Qe7 5.Nf3 O-O 6.Bg2 Bxd2+ 7.Qxd2 d6 8.Nc3 e5
9.O-O Re8 10.Rac1 h6 11.Nd5 Nxd5 12.cxd5 e4 13.Ne1 c6 14.dxc6 bxc6 15.Rc3 d5
16.f3 f5 17.Nc2 a5 18.Bh3 Ra7 19.Qf4 Rb7 20.b3 g5 21.Qd2 Bd7 22.fxe4 fxe4
23.Bxd7 Qxd7 24.Ne3 Rf8 25.Rxf8+ Kxf8 26.Rc1 Qd8 27.Nf5 Rh7 28.Rc5 Ra7 29.Nxh6 a4
30.b4 Rb7 31.a3 Rh7 32.Nf5 Rf7 33.g4 Rb7 34.Rc1 Qf6 35.Qe3 Kg8 36.Rf1 Rh7
37.Ng3 Qe7 38.Rf5 Rg7 39.Re5 Qd8 40.Nf5 Nd7 41.Re6 Rh7 42.Rxc6 Nf8 43.Qc1  1-0

[Event "Bundesliga 8283"]
[Site "Germany"]
[Date "1983.??.??"]
[Round "?"]
[White "Reefschlaeger, Helmut"]
[Black "Gawehns, Klaus"]
[Result "1/2-1/2"]
[WhiteElo "2380"]
[BlackElo "2335"]

1.d4 Nf6 2.c4 e6 3.g3 Bb4+ 4.Bd2 Qe7 5.Bg2 O-O 6.Nf3 Bxd2+ 7.Qxd2 Ne4 8.Qc2 f5
9.O-O d6 10.Nc3 Nxc3 11.Qxc3 Nd7 12.b4 Nf6 13.a4 Re8 14.a5 e5 15.dxe5 dxe5
16.a6 Ne4 17.Qb2 c5 18.axb7 Bxb7 19.Ra5 f4 20.bxc5 fxg3 21.hxg3 Nxc5 22.Qb4 Bxf3
23.Bxf3 Rac8 24.Bd5+ Kh8 25.Rfa1 a6 26.Qb6 Rf8 27.Bc6 Ne6 28.Bd5  1/2-1/2

[Event "Toth mem"]
[Site "Kecskemet"]
[Date "1983.??.??"]
[Round "?"]
[White "Mikhalchishin, Adrian"]
[Black "Karolyi, Tibor Jr"]
[Result "1-0"]
[WhiteElo "2465"]
[BlackElo "2425"]

1.d4 Nf6 2.c4 e6 3.g3 Bb4+ 4.Nd2 c5 5.a3 Bxd2+ 6.Qxd2 cxd4 7.Nf3 Nc6 8.Nxd4 Na5
9.Qb4 d5 10.e4 dxc4 11.Nb5 Nc6 12.Qxc4 a6 13.Nc3 Nd4 14.Qd3 e5 15.Be3 Nf3+
16.Kd1 Nd4 17.f4 O-O 18.fxe5 Bg4+ 19.Ke1 Nf3+ 20.Kf2 Nxe5 21.Qxd8 Raxd8 22.Bg5 Bf3
23.Bg2 Nfg4+ 24.Kg1 f6 25.Bf4 g5 26.Bc1 Bxg2 27.Kxg2 Nd3 28.Kf3 Nge5+ 29.Ke2 h6
30.Rf1 b5 31.Rb1 Kg7 32.Be3 Rf7 33.Rfd1 Rfd7  1-0

[Event "Lvov"]
[Site "Lvov"]
[Date "1983.??.??"]
[Round "?"]
[White "Adamski, Jan"]
[Black "Karsa, Laszlo"]
[Result "1/2-1/2"]
[WhiteElo "2425"]
[BlackElo "2460"]

1.d4 Nf6 2.c4 e6 3.g3 Bb4+ 4.Bd2 a5 5.Bg2 O-O 6.Nf3 b6 7.O-O Bb7 8.Bf4 Be7
9.Nc3 Ne4 10.Na4 d6 11.Qc2 Nd7 12.Rfe1 Rb8 13.Rad1 f5 14.Nc3 Bf6 15.Bc1 Qe7
16.b3 Nxc3  1/2-1/2

[Event "New York"]
[Site "New York"]
[Date "1983.??.??"]
[Round "2"]
[White "Quinteros, Miguel A"]
[Black "Fedorowicz, John P"]
[Result "1-0"]
[WhiteElo "2515"]
[BlackElo "2430"]

1.d4 Nf6 2.c4 e6 3.g3 Bb4+ 4.Bd2 Qe7 5.Bg2 Nc6 6.Nf3 Bxd2+ 7.Nbxd2 O-O 8.O-O d6
9.e4 e5 10.d5 Nb8 11.Ne1 a5 12.Nd3 Nbd7 13.f4 b6 14.f5 Nc5 15.Nf2 h6 16.h4 Bd7
17.g4 Nh7 18.Nf3 b5 19.Qd2 f6 20.Rfc1 bxc4 21.Bf1 Bb5 22.Bxc4 Rfb8 23.b3 Qf7
24.Kh2 g5 25.Bxb5 Rxb5 26.Rc4 Nf8 27.Kg2 Qg7 28.Rh1 Kf7 29.Rh3 Nfd7 30.Rc1 Rbb8
31.Rch1 Nf8 32.hxg5 hxg5 33.Ne1 a4 34.Ned3 Nxd3 35.Qxd3 axb3 36.axb3 Kg8
37.Qc2 Rb7 38.R1h2 Kf7 39.Qd1 Ke7 40.Qh1 c5 41.dxc6 Rc7 42.Rh8  1-0

[Event "Prague"]
[Site "Prague"]
[Date "1983.??.??"]
[Round "5"]
[White "Adamski, Jan"]
[Black "Ambroz, Jan"]
[Result "1/2-1/2"]
[WhiteElo "2425"]
[BlackElo "2420"]

1.d4 Nf6 2.c4 e6 3.g3 Bb4+ 4.Bd2 Be7 5.Bg2 d5 6.Nf3 O-O 7.O-O c6 8.Qb3 Nbd7
9.Nc3 b6 10.Rac1 Bb7 11.Rfd1 Rc8 12.Bf4 Nh5 13.Bd2 Nhf6 14.Bf4 Nh5  1/2-1/2

[Event "Prague"]
[Site "Prague"]
[Date "1983.??.??"]
[Round "9"]
[White "Meduna, Eduard"]
[Black "Ambroz, Jan"]
[Result "1/2-1/2"]
[WhiteElo "2475"]
[BlackElo "2420"]

1.d4 Nf6 2.c4 e6 3.g3 Bb4+ 4.Bd2 Be7 5.Bg2 d5 6.Nf3 O-O 7.O-O c6 8.Qb3 b6
9.Nc3 Bb7 10.Rac1 Nbd7 11.cxd5 cxd5 12.Rc2 a6 13.Rfc1 Bd6 14.Bf4 Qb8 15.e3 Rc8
16.a3 h6 17.Na4 Rxc2 18.Rxc2 Bxf4 19.gxf4 Qd6 20.Ne5 Rc8 21.Rxc8+ Bxc8 22.Qc2 Bb7
23.b4 Qb8 24.Bh3 Nxe5 25.fxe5 Nd7 26.Nb2 Qc8 27.Qxc8+ Bxc8 28.f4 g6 29.Kf2 Kf8
30.Bg2 Bb7 31.h4 Ke7 32.Bf1 Nb8 33.Na4 Nd7 34.Be2 Bc8 35.Nc3 Bb7 36.Bd3 f5
37.exf6+ Kxf6 38.Ne2 Nb8 39.Ng1 Nc6 40.Nf3 Bc8 41.Ne5 Ne7 42.Ke2 Nf5 43.Bxf5 gxf5
44.Kd2 Ke7 45.a4 Bd7 46.a5 b5 47.Nd3 Bc8  1/2-1/2

[Event "Prague"]
[Site "Prague"]
[Date "1983.??.??"]
[Round "12"]
[White "Modr, Bretislav"]
[Black "Ambroz, Jan"]
[Result "1/2-1/2"]
[WhiteElo "2305"]
[BlackElo "2420"]

1.d4 Nf6 2.c4 e6 3.g3 Bb4+ 4.Bd2 a5 5.Bg2 d5 6.cxd5 exd5 7.Nf3 O-O 8.O-O c6
9.Nc3 Nbd7 10.a3 Bd6 11.Bf4 Qe7 12.Qc2 Re8 13.Rfe1 h6 14.Rad1 Nf8 15.Bxd6 Qxd6
16.Ne5 Ng4 17.e4 Nxe5 18.dxe5 Qxe5 19.Qd2 d4 20.Qxd4 Qxd4 21.Rxd4 Ne6 22.Rd2 Nc5
23.b4 axb4 24.axb4 Nb3 25.Rb2 Nd4 26.Rd1 Ra3 27.Rxd4 Rxc3 28.f4  1/2-1/2

[Event "Albena"]
[Site "Albena"]
[Date "1984.??.??"]
[Round "?"]
[White "Toshkov, Tihomir"]
[Black "Spiridonov, Nikola"]
[Result "1-0"]
[WhiteElo "2440"]
[BlackElo "2415"]

1.d4 Nf6 2.c4 e6 3.g3 Bb4+ 4.Nd2 d5 5.Bg2 Nc6 6.Nf3 dxc4 7.O-O c3 8.Nc4 cxb2
9.Bxb2 O-O 10.Qc2 Be7 11.Rac1 Nb4 12.Qb1 c6 13.e4 Na6 14.Rfd1 b6 15.Nce5 Nb8
16.h4 Bb7 17.Ng5 h6 18.Nh3 Re8 19.Nf4 Bf8 20.d5 exd5 21.exd5 Nxd5 22.Nxf7 Kxf7
23.Qg6+ Kg8 24.Nh5 Qe7 25.Bxd5+ cxd5 26.Rc7 Qe1+ 27.Rxe1 Rxe1+ 28.Kh2 Nd7  1-0

[Event "CUB-ch"]
[Site "CUB"]
[Date "1984.??.??"]
[Round "3"]
[White "Nogueiras, Jesus"]
[Black "Pinal, Nelson Borges"]
[Result "1-0"]
[WhiteElo "2470"]
[BlackElo "2405"]

1.d4 Nf6 2.c4 e6 3.g3 Bb4+ 4.Nd2 Nc6 5.Nf3 d6 6.Bg2 O-O 7.O-O Bxd2 8.Bxd2 e5
9.dxe5 dxe5 10.Bc3 Qe7 11.Qc2 Re8 12.e3 h6 13.b3 a5 14.h3 Nd7 15.Rad1 a4
16.Rd2 axb3 17.axb3 Ra6 18.Rfd1 Rb6 19.Rd5 e4 20.Nd4 Nb4 21.Bxb4 Qxb4 22.c5 Ra6
23.c6 Nb6 24.Rb5 Qe7 25.cxb7 Bxb7 26.Nf5 Qf6 27.Qxc7 Bd5 28.Nd6 Re6 29.Rxb6 Rxb6
30.Qxb6 Rxd6 31.Qb8+ Rd8 32.Qc7 Rd6 33.b4 g6 34.b5 Kg7 35.Qc5 Qe6 36.b6 Rd7
37.Qd4+ Kh7 38.b7 Qe8 39.Bxe4 Bc6 40.Qxd7  1-0

[Event "Hamburg op"]
[Site "Hamburg"]
[Date "1984.??.??"]
[Round "7"]
[White "Kuligowski, Adam"]
[Black "Harandi, Khosro"]
[Result "0-1"]
[WhiteElo "2415"]
[BlackElo "2415"]

1.d4 Nf6 2.c4 e6 3.g3 Bb4+ 4.Bd2 Bxd2+ 5.Qxd2 O-O 6.Bg2 d6 7.Nc3 e5 8.Nf3 Nc6
9.Rd1 Bg4 10.d5 Ne7 11.Ng1 Ng6 12.h3 Bd7 13.e3 h6 14.Nge2 Nh7 15.f4 exf4
16.exf4 Nf6 17.O-O Re8 18.Nd4 a6 19.b4 Qe7 20.Rfe1 Qf8 21.g4 Rxe1+ 22.Rxe1 Re8
23.Rxe8 Qxe8 24.Kf2 Qd8 25.Nf3 Nh7 26.Kg3 f5 27.Bf1 Nf6 28.Bd3 Qe8 29.Qc2 Ne7
30.Nh2 fxg4 31.hxg4 h5 32.g5 h4+ 33.Kf3 Qh5+ 34.Ke3 Ng4+ 35.Nxg4 Qxg4 36.Qh2 h3
37.Ne2 b5 38.Ng3 bxc4 39.Bxc4 Bb5 40.Bb3 Ng6 41.Qf2 h2 42.Bc2 Qxg3+ 43.Qxg3 h1=Q
44.Bxg6 Qc1+ 45.Kf3 Qd1+ 46.Kg2 Qxd5+ 47.Qf3 Qxa2+ 48.Kg3 Kf8 49.Qa8+ Ke7
50.Qh8 Qa1 51.f5 Qg1+ 52.Kf3 Qf1+ 53.Kg3 Qg1+ 54.Kf3 Bc6+ 55.Ke2 Qg4+ 56.Kf2 Qf4+
57.Ke2 Bb5+ 58.Kd1 Qd4+ 59.Kc1 Qc4+ 60.Kd1 Ba4+ 61.Ke1 Qxb4+ 62.Kf2 Qd2+  0-1

[Event "Helsinki"]
[Site "Helsinki"]
[Date "1984.??.??"]
[Round "?"]
[White "Razuvaev, Yuri S"]
[Black "Ornstein, Axel"]
[Result "0-1"]
[WhiteElo "2500"]
[BlackElo "2405"]

1.d4 Nf6 2.c4 e6 3.g3 Bb4+ 4.Bd2 Bxd2+ 5.Qxd2 c5 6.Nf3 Ne4 7.Qd3 Qa5+ 8.Nbd2 Nxd2
9.Nxd2 cxd4 10.Qxd4 O-O 11.Bg2 Nc6 12.Qf4 e5 13.Qe3 Nd4 14.Qd3 d5 15.Bxd5 Bf5
16.e4 Bg4 17.h3 Bf3 18.O-O Be2 19.Qc3 Qxc3 20.bxc3 Bxf1 21.cxd4 Bxh3 22.dxe5 Rab8
23.f4 Rfc8 24.a4 Kf8 25.Kf2 h5 26.Ke3 g6 27.Kd4 Ke7 28.a5 Rc7 29.Nb1 h4 30.gxh4 Rh8
31.Nc3 Rxh4 32.Nb5 Rd7 33.Rh1 b6 34.a6 Rh5 35.c5 bxc5+ 36.Kxc5 Be6 37.Rc1 f6
38.exf6+ Kf7 39.Nd6+ Kxf6 40.e5+ Ke7 41.Bc6 Rxd6  0-1

[Event "Helsinki"]
[Site "Helsinki"]
[Date "1984.??.??"]
[Round "?"]
[White "Razuvaev, Yuri S"]
[Black "Balashov, Yuri S"]
[Result "1/2-1/2"]
[WhiteElo "2500"]
[BlackElo "2535"]

1.d4 Nf6 2.c4 e6 3.g3 Bb4+ 4.Bd2 Be7 5.Bg2 d5 6.Nf3 O-O 7.O-O c6 8.Qc2 Nbd7
9.b3 b6 10.Rd1 Ba6 11.a4 Rc8 12.a5 c5 13.axb6 Qxb6 14.Qa2 Bb7 15.Ba5 Qd6
16.Nbd2 cxd4 17.Nxd4 Qb8 18.cxd5  1/2-1/2

[Event "Lloyds Bank op"]
[Site "London"]
[Date "1984.??.??"]
[Round "7"]
[White "Conquest, Stuart"]
[Black "Short, Nigel D"]
[Result "0-1"]
[WhiteElo "2300"]
[BlackElo "2510"]

1.d4 e6 2.c4 Nf6 3.g3 Bb4+ 4.Nd2 d5 5.Bg2 O-O 6.Nf3 b6 7.O-O Bb7 8.Ne5 Nbd7
9.Ndf3 Be7 10.Qa4 Qe8 11.Nxd7 Qxd7 12.Qxd7 Nxd7 13.cxd5 Bxd5 14.Bf4 Rac8
15.Rfd1 Rfd8 16.g4 c5 17.dxc5 Nxc5 18.Be5 f6 19.Bd4 Na4 20.b3 Nc3 21.Bxc3 Rxc3
22.Nd4 Kf7 23.Nb5 Rc2 24.Nxa7 Rxe2 25.Bxd5 Rxd5 26.Rxd5 exd5 27.Rd1 Bc5 28.Rxd5 Rxa2
29.Nc6 Bxf2+ 30.Kg2 Bc5+ 31.Kh3 Rb2 32.Rd7+ Ke6 33.Rxg7 Bd6 34.g5 Kd5 35.Ne7+ Ke4
36.gxf6 Rxh2+ 37.Kg4 Bf4  0-1

[Event "Moscow-ch"]
[Site "Moscow"]
[Date "1984.??.??"]
[Round "?"]
[White "Gorelov, Sergey G"]
[Black "Vyzmanavin, Alexey"]
[Result "1/2-1/2"]
[WhiteElo "2445"]
[BlackElo "2470"]

1.d4 Nf6 2.c4 e6 3.g3 Bb4+ 4.Bd2 Qe7 5.Nf3 Nc6 6.Nc3 d5 7.a3 Bxc3 8.Bxc3 Ne4
9.Qc2 a5 10.b3 O-O 11.Bg2 f5 12.Bb2 Bd7 13.O-O Be8 14.Rad1 Bh5 15.Ne1 Rfd8
16.cxd5 exd5 17.Nd3 Re8 18.Rfe1 Nd8 19.Nf4 Bf7 20.f3 Nd6 21.e3 c6 22.h4 Ne6
23.Kf2 a4 24.b4 Nc4 25.Nd3 Bg6 26.Qc3 Nc7 27.Nf4 Nb5 28.Qc1 Nbd6 29.Bf1 Bf7
30.Bd3 Qf6 31.Re2 Re7 32.Bxc4  1/2-1/2

[Event "Moscow-ch"]
[Site "Moscow"]
[Date "1984.??.??"]
[Round "?"]
[White "Gorelov, Sergey G"]
[Black "Kremenietsky, Anatoly M"]
[Result "1/2-1/2"]
[WhiteElo "2445"]
[BlackElo "2410"]

1.d4 Nf6 2.c4 e6 3.g3 Bb4+ 4.Bd2 Be7 5.Bg2 d5 6.Nf3 O-O 7.O-O c6 8.Qc2 Nbd7
9.b3 b6 10.Rd1 Ba6 11.a4 Bd6 12.Bf4 Bxf4 13.gxf4 Qe7 14.Nbd2 g6 15.e3 Rfc8
16.Qc3 c5 17.Ne5 Rab8 18.Nxd7 Nxd7 19.cxd5 exd5 20.Bxd5 cxd4 21.Qxd4 Rd8
22.Ne4 Be2 23.Rd2 Bf3 24.Rc1 Bxe4 25.Qxe4 Qxe4 26.Bxe4 Nc5 27.Rxd8+ Rxd8
28.Bc2 Rd7 29.b4 Na6 30.b5 Nc5 31.Kf1 Kg7 32.Ke1 Rd5 33.Ke2 Rh5 34.Rh1 Rh3
35.Kf1 Rh5 36.Kg2 Kf6 37.Rf1 Ke7 38.Kg3 Nd7 39.f5 Rg5+ 40.Kf3 Rh5 41.fxg6 hxg6
42.Kg2 Rg5+ 43.Kh1 Rg4 44.Ra1 Rb4 45.Kg2 Nc5 46.Ra2 g5 47.h3 Ke6 48.Bd1 f6
49.Bc2  1/2-1/2

[Event "New York op"]
[Site "New York"]
[Date "1984.??.??"]
[Round "8"]
[White "Conquest, Stuart"]
[Black "Sharif, Mershad"]
[Result "1/2-1/2"]
[WhiteElo "2260"]
[BlackElo "2440"]

1.d4 Nf6 2.c4 e6 3.g3 Bb4+ 4.Nd2 c5 5.a3 Bxd2+ 6.Qxd2 cxd4 7.Qxd4 Nc6 8.Qd3 O-O
9.Bg2 b6 10.Nf3 Bb7 11.O-O d5 12.b4 dxc4 13.Qxc4 Rc8 14.Qa2 Ne7 15.Bf4 Be4
16.Rac1 Ng6 17.Bg5 Qe7 18.Qb2 Rfd8 19.Nd2 Bxg2 20.Kxg2 h6 21.Bxf6 Qxf6 22.Qxf6 gxf6
23.Ne4 f5 24.Nc3 Ne5 25.Nb5 a5 26.bxa5 bxa5 27.Rfd1 Kg7 28.f3 Rxd1 29.Rxc8 Rb1
30.Nd6 Rb2 31.Kf1 Rb6 32.Ne8+ Kg6 33.Rc5 Nc6 34.Kf2 Nd4 35.Rxa5 Rb2 36.Re5 Ra2
37.Re3 Nb5 38.Rb3 Nxa3 39.Nd6 Nc2 40.Rd3 Nb4 41.Rd1 Nd5 42.Nc4 f4 43.gxf4 Nxf4
44.Rd2 Rxd2 45.Nxd2 e5  1/2-1/2